000 01326cam a2200265 4500
001 WB4020-03
008 040527n2004 000 0 eng u
035 _a(Sirsi) u126300
245 _aFrench commercial property market update
260 _c2004
490 _aRICS Economic Forecasts
_vMay 2004 (2)
520 _a"France: commercial update May 2004" published by RICS Policy Unit judges the French economy to have rebounded at the end of 2003, showing further strength into early 2004. Office market rents continue to fall but a slight recovery is expected in 2005. The retail market sees on-going expansion supported by consumer spending but the industrial market is been held back by lacklustre manufacturing recovery. Overall, the commercial property market should continue to enjoy a period of moderate, retail-led expansion. The update is available in English and French at http://www.rics.org/ricscms/bin/show?class=Economi cForecasts&template=/includes/showeconomicforecast s.html&id=22.
590 _aWB
590 _aWB
650 _aRICS ECONOMIC FORECASTS
650 _aECONOMY
650 _aINDUSTRIAL MARKET
650 _aEUROPE
650 _aMANUFACTURING
650 _aOFFICE RENTS
650 _aOFFICE MARKET
650 _aFRANCE
690 _aCOMMERCIAL PROPERTY-MARKET
942 _n0
999 _c117409
_d117409